| 000 | 00538nam a22001937a 4500 | ||
|---|---|---|---|
| 005 | 20210427065337.0 | ||
| 008 | 210304s2016 ||||| |||| 00| 0 geo d | ||
| 022 | _a22333932 | ||
| 040 |
_aeng _cDLC |
||
| 041 | _ageo | ||
| 082 |
_a070 _bს-48 |
||
| 110 |
_91232 _aსითი / Siti |
||
| 245 |
_aსითი / Siti / 2016, ზაფხული / 2016, Summer _b/ by: სითი / Siti |
||
| 260 |
_bსითი / Siti _c2016 |
||
| 300 |
_a165 p. _bill. |
||
| 650 | 0 |
_91229 _aPress |
|
| 653 | _aპრესა | ||
| 942 |
_2udc _cMP |
||
| 999 |
_c1891 _d1891 |
||